Incollable #07- Maths-Français - Statistiques

Statistiques générales
  • Ce quiz a été pris 2 532 fois
  • Le résultat moyen est 9 sur 10
Statistiques - réponses
Niveau Question Réponse % Correct
CP Complète cette suite : 23; 25; 27; ... 29
100%
CE2 Dans une bibliothèque, il y a 5 rangées de 20 livres. Combien y a-t-il de livre ? 100 livres
99%
CE1 Met le verbe de cette phrase au futur: « Les enfants mangent des glaces ». Mangeront
96%
CM2 Quel nombre est égal à 10-4,5 ? 5,5
95%
CE2 Quel est le nombre pair inférieur à trente dont le chiffre des dizaines est égal au chiffre des unités ? 22
94%
CM2 Quel nombre décimal est égal à 2587/1000 2,587
92%
Collège Quelle figure géométrique admet une infinité d’axes de symétrie ? Le cercle
82%
Lycée Combien le verbe aller a-t-il de radicaux ? 3 (va; ir; all)
81%
CM1 Dans un livre, comment appelle-t-on le petit texte qui accompagne un dessin ou une photo ? La légende
72%
Lycée Quel préfixe signifie « dix fois plus petit » ? Déci
53%
Aucun quiz correspondant
Distribution des résultats
% des personnes avec chaque résultat
Percentile par nombre de réponses
Votre historique - résultats
Vous n’avez pas pris ce quiz